Statistics for 25 World Cities, 25 World Rivers Quiz

Click here to take the quiz!

General Stats

  • This quiz has been taken 65 times
  • The average score is 19 of 25

Answer Stats

City River % Correct
ThamesLondonThames
100%
SeineParisSeine
100%
TiberRomeTiber
96%
GangesVaranasiGanges
88%
DnieperKievDnieper
82%
RhoneAvignonRhone
80%
NigerBamakoNiger
80%
TigrisMosulTigris
80%
IndusHyderabadIndus
80%
PoTurinPo
80%
NileAbu SimbelNile
80%
LiffeyDublinLiffey
79%
TagusLisbonTagus
77%
VistulaWarsawVistula
77%
DonRostovDon
77%
PearlGuangzhouPearl
73%
GambiaBanjulGambia
70%
DanubeNovi SadDanube
70%
FraserVancouverFraser
70%
Chao PhrayaBangkokChao Phraya
68%
RedHanoiRed
64%
ParanaRosarioParana
64%
SavaZagrebSava
61%
MagdalenaBarranquillaMagdalena
57%
DrammenOsloDrammen
55%

Score Distribution

Percentile by Number Answered

Percent of People with Each Score

Your Score History

You have not taken this quiz